000 02313njm a2200301Ia 4500
001 85611
003 IT-RoPAU
005 20220918181120.0
008 131025s9999 xx 000 0 und d
040 _aIT-RoPAU
040 _cIT-RoPAU
041 _aITALIANO
999 _c99685
_d99685
999 _bn.d.
100 _aAA.VV.
_9794
100 _eAutore musica
_926571
100 _gCodice autore musica SPICS: 12000
_9796
245 _aSanremo '90-Big, giovani, star internazionali
250 _a1a ed.
260 _aITALIA
260 _bPOLYGRAM
_c1990 [1a Ed.:1990 - Ed. Lingua Orig.: 1990]
300 _aDISCO
300 _c135 minuti (Testo: 0 pag.)
500 _aMusica leggera. Canzone. Brani di autori vari presentati al Festival di Sanremo 1990
505 _aBisognerebbe non pensare che a te [(Caselli Caterina) (5:00)] - Evviva Maria [(Di Capri Peppino) (5:00)] - Angel of the Night [(Uomini soli) (Bridgewater Dee Dee) (4:00)] - L'età dell'oro [(Celentano Rosalinda) (5:00)] - Novecento Aufwiedersehen [(Bennato Eugenio) (5:00)] - Sbandamenti [(Laccone Sergio) (4:00)] - Io vorrei [(Giacobbe Sandro) (4:00)] - Sono felice [(Milva-Biolcati Maria Ilva) (4:00)] - Gli amori [(Cutugno Toto) (4:00)] - Love Pains [(Minnelli Liza) (5:00)] - Vieni a stare qui [(Fasano Franco) (5:00)] - Buona giornata [(I Ricchi e Poveri) (4:00)] - Ringrazio Dio [(Turci Paola) (5:00)] - Noi non diciamo mai mai [(Gai Dario) (5:00)] - All For the Love [(Costa Nikka) (4:00)] - Amori [(Biolcati Lena) (4:00)] - Donna con te [(Kaoma) (5:00)] - Tu... si... [(Mango) (5:00)] - Nas asas de um violao [(Ringrazio Dio) (Toquinho) (5:00)] - La lambada strofineira [(De Razza Armando) (4:00)] - Speak To Me of Love [(Morris Sarah Jane) (5:00)] - Favolando [(Crisci Rosé) (5:00)] - Novecento Aufwiedersehen [(Moncada D.) (4:00)] - Amore [(Christian) (4:00)] - A [(Winnie Papa) (4:00)] - Disperato [(Masini Marco) (5:00)] - You and Me [(Jackson La Toya) (4:00)] - Ti dirò [(Future) (4:00)] - Give Me A Reason [(Makeba Miriam) (5:00)] - Una storia da raccontare [(Makeba Miriam) (4:00)] - La Nevada [(Lopez-Mijares) (5:00)] - Vorrei [(Reitano Mino) (4:00)]
650 _aCANZONE ITALIAN [DISCHI]
_eCodice MATERIA SPICS: 9950
_926572
700 _aAA.VV.
_gCodice autore testo/musica SPICS: 12000
_eAutore testo/musica
_926573
942 _cMD
_2ddc